| 000 | 00598nab a2200217 a 4500 | ||
|---|---|---|---|
| 005 | 20210219160813.0 | ||
| 008 | 991125s1985 mx 000 0 spa u | ||
| 035 | _aUPN01000173049 | ||
| 100 | 1 | _aLorenz, Chris | |
| 222 | _aREENCUENTRO : | ||
| 222 | _bANALISIS DE PROBLEMAS UNIVERSITARIOS | ||
| 245 | _a¿ Sobrevivirán las universidades a la integración europea ? | ||
| 260 | _aMéxico | ||
| 300 | _a53-71 | ||
| 362 | 0 | _a2009 No. 54, abr. | |
| 653 | 0 | _aEDUCACION SUPERIOR | |
| 653 | 0 | _aGESTION EDUCATIVA | |
| 653 | 0 | _aHOLANDA | |
| 653 | 0 | _aMOVILIDAD ESTUDIANTIL | |
| 905 | _aArticulo | ||
| 999 |
_c145153 _d145153 |
||